000 00856nam a22002297a 4500
999 _c3606
_d3606
003 AR-CdUCM
008 190306b ||||| |||| 00| 0 spa d
040 _aMUNICIPALIDAD PROVINCIAL DEL CUSCO
_cBIBLIOTECA MUNICIPAL DEL CUSCO
082 _a371.124 /
_bM41
100 _aMelby, Ernest O
_911788
245 _aEl maestro y la educación /
260 _aMéxico :
_bUteha,
_c1966.
300 _a177 paginas ;
_c17 cm.
440 _aEducación
_n17
_95220
505 _aContenido :Enseñanza e instrucción en un mundo cambiante -- Que significa aprender -- Que significa enseñar --El maestro es un artista -- El maestro es un estudiante ...
650 _aÉtica profesional
_98138
650 _aPedagogía
_91560
650 _aFormación profesional
_95072
700 _aGuzman Balboa, Antonio (traductor)
_911789
942 _2ddc
_cLIBROS
945 _arum